• 首页
  • 本馆介绍
  • 公告通知
  • 最新文献
  • 馆藏检索
  • 电子资源
  • 读者导购
  • 参考咨询
  • 我的图书馆
  • 登录
  • 详细信息显示
  • 放入我的书架
  • 预约/预借图书
  • 作者相关作品
  • 分类相关作品
  • 丛书相关作品
  • 出版社相关作品

书目信息

  • 表格格式
  • 工作单格式
  • 卡片格式
题名:
海权论
    
 
作者: 马汉 著 ;一兵 译
分册:  
出版信息: 北京   新世界出版社  2016
页数: 250页
开本: 24cm
丛书名: 战忆文库
单 册:
中图分类: E815
科图分类:
主题词: 制海权--zhi hai quan--研究
电子资源:
ISBN: 978-7-5104-5807-1
000 01062nam0 22002771 450
001 0122100915
005 20170322100915.0
010    @a978-7-5104-5807-1@dCNY35.00
100    @a20160727d2016 em y0chiy50 ea
101 1  @achi@ceng
102    @aCN@b110000
105    @ay z 000yy
106    @ar
200 1  @a海权论@9hai quan lun@dThe influence of sea power upon history, 1660-1783@f(美)马汉著@g一兵译@zeng
210    @a北京@c新世界出版社@d2016
215    @a250页@d24cm
225 2  @a战忆文库@9zhan yi wen ku@v010
330    @a《海权论》即《海权对历史的影响》,本书于1890年在美国出版,是马汉海权理论的第一部成功之作。该书一出版即引起关注,美国、日本、德国与前苏联等国都先后将其作为制定国家发展战略的方向指导。
461  0 @12001 @a战忆文库
510 1  @aInfluence of sea power upon history, 1660-1783@zeng
606 0  @a制海权@9zhi hai quan@x研究
690    @aE815@v5
701  0 @c(美)@a马汉@9ma han@c(Mahan,Alfred Thayer@f1840~1914)@4著
702  0 @a一兵@9yi bing@c(英语)@4译
801  0 @aCN@bTANGWEI@c20170308
905    @b0960714-7@dE815@e38@f4
    
    海权论=The influence of sea power upon history, 1660-1783/(美)马汉著/一兵译.-北京:新世界出版社,2016
    250页;24cm.-(战忆文库;010)
    
    
    ISBN 978-7-5104-5807-1:CNY35.00
    《海权论》即《海权对历史的影响》,本书于1890年在美国出版,是马汉海权理论的第一部成功之作。该书一出版即引起关注,美国、日本、德国与前苏联等国都先后将其作为制定国家发展战略的方向指导。
●
相关链接 在E读中查询图书 在五车中查询图书 在当当中查询图书 在豆瓣中查询图书


正题名:海权论     索取号:E815/38         预约/预借

序号 登录号 条形码 馆藏地/架位号 状态 备注
1 0960714   209607148   第一样本阅览室/ [索取号:E815/38] 在馆    
2 0960715   209607157   第一借阅区/ [索取号:E815/38] 在馆    
3 0960716   209607166   第一借阅区/ [索取号:E815/38] 在馆    
4 0960717   209607175   第一借阅区/ [索取号:E815/38] 在馆    
唐山师范学院图书馆 欢迎您!
大连网信软件有限公司© 版权所有